| 000 | 00681cam a2200241 a 4500 | ||
|---|---|---|---|
| 999 |
_c12317 _d12317 |
||
| 003 | OSt | ||
| 005 | 20240117123842.0 | ||
| 008 | 950206s1994 enka d 000 0 eng d | ||
| 020 | _a9780714844879 | ||
| 035 | _a(OCoLC)31655915 | ||
| 040 |
_aUk _cUk _dCU-I _dDLC |
||
| 082 | 0 | 0 |
_a709 _220 |
| 245 | 0 | 4 |
_aThe art book / _c[contributors: Adam Butler, Claire Van Cleave, Susan Stirling]. |
| 260 |
_aLondon : _bPhaidon, _c1994. |
||
| 300 |
_a512 p. : _bcol. ill. ; _c30 cm. |
||
| 650 | 0 |
_aArt _xThemes, motives. |
|
| 650 | 0 |
_aArtists _xDictionaries. |
|
| 653 | 0 | _aVisual arts | |
| 700 | 1 | _aButler, Adam. | |
| 700 | 1 | _aVan Cleave, Claire. | |
| 700 | 1 | _aStirling, Susan. | |
| 942 | _2ddc | ||